| 000 | 00368nam a2200133Ia 4500 | ||
|---|---|---|---|
| 008 | 231229s2021 xx 000 0 und d | ||
| 041 | _aeng | ||
| 082 |
_a808.06634 _bRET |
||
| 100 | _aRETAWADE (Rajaram S.) | ||
| 245 | _aLegal Drafting: Drafting, Pleadings and Conveyancing | ||
| 250 | _a18th Rep. | ||
| 260 |
_aPune _bHind Law House Pune _c2021 |
||
| 300 | _aiv, 750 | ||
| 999 |
_c1057278 _d1057278 |
||